It remains a question of buyer beware (Record no. 82471)
[ view plain ]
| 000 -LEADER | |
|---|---|
| fixed length control field | 01250cab a22002655a 4500 |
| 001 - CONTROL NUMBER | |
| control field | L150351 |
| 008 - FIXED-LENGTH DATA ELEMENTS--GENERAL INFORMATION | |
| fixed length control field | 100702e20100626xxk 000 0 eng d |
| 035 ## - SYSTEM CONTROL NUMBER | |
| System control number | (Sirsi) u150351 |
| 041 0# - LANGUAGE CODE | |
| Language code of text/sound track or separate title | eng |
| 100 1# - MAIN ENTRY--PERSONAL NAME | |
| Personal name | Sykes, Joanna |
| 245 00 - TITLE STATEMENT | |
| Title | It remains a question of buyer beware |
| 260 ## - PUBLICATION, DISTRIBUTION, ETC. | |
| Date of publication, distribution, etc. | 2010 |
| 490 ## - SERIES STATEMENT | |
| Series statement | Estates Gazette |
| Volume/sequential designation | (1025) 26 June 2010, 98-99(2) |
| 520 ## - SUMMARY, ETC. | |
| Summary, etc. | Questions the reliability of precontract enquiries and the established principle of the caveat emptor putting the onus on the buyer to carry out all necessary due digigence before buying a property. Subject to contract the buyer has no remedy against the seller unless misrepresentation can be proved. Looks at how sellers can limit their liability and buyers' remedies for incorrect and incomplete replies. |
| 590 ## - LOCAL NOTE (RLIN) | |
| Local note | KA |
| 650 24 - SUBJECT ADDED ENTRY--TOPICAL TERM | |
| Topical term or geographic name entry element | WILLIAM SINDALL V CAMBRIDGESHIRE CC |
| 650 24 - SUBJECT ADDED ENTRY--TOPICAL TERM | |
| Topical term or geographic name entry element | MORRIS V PATEL |
| 650 24 - SUBJECT ADDED ENTRY--TOPICAL TERM | |
| Topical term or geographic name entry element | CLINICARE LTD (FORMERLY KNOWN AS STRASBOURGOISE UK PRIVATE HEALTH INSURANCE SERVCIES LTD) V ORCHARD HOMES AND DEVELOPMENTS LTD |
| 650 24 - SUBJECT ADDED ENTRY--TOPICAL TERM | |
| Topical term or geographic name entry element | GRANADA |
| 650 24 - SUBJECT ADDED ENTRY--TOPICAL TERM | |
| Topical term or geographic name entry element | FIRST NATIONAL COMMERCIAL BANK PLC V LOXLEYS |
| 650 24 - SUBJECT ADDED ENTRY--TOPICAL TERM | |
| Topical term or geographic name entry element | EDGWARE |
| 651 #4 - SUBJECT ADDED ENTRY--GEOGRAPHIC NAME | |
| Geographic name | ENGLAND AND WALES |
| 690 ## - LOCAL SUBJECT ADDED ENTRY--TOPICAL TERM (OCLC, RLIN) | |
| Topical term or geographic name as entry element | PROPERTY-PROPERTY ACQUISITION AND DISPOSAL-CONVEYANCING |
| 942 ## - ADDED ENTRY ELEMENTS (KOHA) | |
| Suppress in OPAC | 0 |
| Withdrawn status | Lost status | Source of classification or shelving scheme | Damaged status | Not for loan | Home library | Current library | Shelving location | Date acquired | Total Checkouts | Full call number | Barcode | Date last seen | Copy number | Price effective from | Koha item type |
|---|---|---|---|---|---|---|---|---|---|---|---|---|---|---|---|
| Dewey Decimal Classification | London | London | Journal article | 02/07/2010 | L150351 | 150351-1001 | 06/08/2019 | 1 | 06/08/2019 | Journal article |